| 000 | 00485nam a2200181Ia 4500 | ||
|---|---|---|---|
| 008 | 180921t2014 xxu||||| |||| 00| 0 sin d | ||
| 041 | _asin | ||
| 080 |
_a8-31 _b(Rusian) VAS |
||
| 100 | _avassiyev, Boris | ||
| 245 | _aනිහඬ හිමිදිරිය | ||
| 246 | _aNihada Himidiriya | ||
| 260 |
_bKurulu poth _aRajagiriya _c2014 |
||
| 300 | _a192p, 21cm | ||
| 700 |
_aSujeewa Dissanayaka _etr. |
||
| 942 | _cBK | ||
| 999 |
_c11400 _d11400 |
||
| 003 | LK-CoDNM | ||
| 040 |
_aLK-CoDNM _dLK-CoDNM _eLK-CoDNM |
||